000
00257nam a2200097Ia 4500
008
231107s2004 xx 000 0 und d
041
_a
eng
100
_a
Scalise C.M.
245
_a
Interior Planning & Design
260
_a
New York
_b
Delmar Publishers Inc.
_c
2004
999
_c
928207
_d
928207